| 000 | 01074nam a2200217Ia 4500 | ||
|---|---|---|---|
| 003 | Ost | ||
| 005 | 20260507075442.0 | ||
| 008 | 260507s9999||||xx |||||||||||||| ||und|| | ||
| 040 | _cfsecg | ||
| 041 | _aara | ||
| 082 | _a658.8 | ||
| 100 |
_aعقل، سعيد جمعة _eمؤلف |
||
| 245 | 0 |
_aالتسويق عبر الانترنيت / _c سعيد جمعة عقل |
|
| 260 |
_aعمان: _bمكتبة المجتمع العربي, _c2007 |
||
| 300 |
_a207 صفحة؛ _bإيضاحات ؛ _c23 سم |
||
| 504 | _aببليوغرافيا: ص.207 | ||
| 520 | _aالانترنيت والتسويق الالكتروني، المنتجات وطريقة توزيعها على الانترنيت، تصميم الموقع الالكتروني، الترويج الالكتروني عبر الانترنيت، استخدام البريد الالكتروني في الترويج عبر الانترنيت، المنتج الافتراضي، التسويق عبر الانترنيت العلمي | ||
| 653 | _aالانترنيت | ||
| 653 | _aالتسويق | ||
| 942 | _cكتاب | ||
| 999 |
_c44566 _d44566 |
||